Urban and environmental economics an introduction /

Bibliographic Details
Main Author: Squires, Graham.
Corporate Author: ProQuest (Firm)
Format: Electronic eBook
Language:English
Published: Abingdon, Oxon ; New York, NY : Routledge, 2012.
Subjects:
Online Access:Click to View
LEADER 01381nam a2200373Ia 4500
001 EBC1020242
003 MiAaPQ
005 20200520144314.0
006 m o d |
007 cr cn|||||||||
008 120308s2012 enka sb 001 0 eng d
010 |z  2012009071 
020 |z 9780415619905 (hbk. : alk. paper) 
020 |z 9780415619912 (pbk. : alk. paper) 
020 |a 9780203825990 (electronic bk.) 
035 |a (MiAaPQ)EBC1020242 
035 |a (Au-PeEL)EBL1020242 
035 |a (CaPaEBR)ebr10598657 
035 |a (CaONFJC)MIL390242 
035 |a (OCoLC)810082173 
040 |a MiAaPQ  |c MiAaPQ  |d MiAaPQ 
050 4 |a HT321  |b .S69 2012 
082 0 4 |a 330.9173/2  |2 23 
100 1 |a Squires, Graham. 
245 1 0 |a Urban and environmental economics  |h [electronic resource] :  |b an introduction /  |c Graham Squires. 
260 |a Abingdon, Oxon ;  |a New York, NY :  |b Routledge,  |c 2012. 
300 |a viii, 214 p. :  |b ill. 
504 |a Includes bibliographical references and index. 
533 |a Electronic reproduction. Ann Arbor, MI : ProQuest, 2015. Available via World Wide Web. Access may be limited to ProQuest affiliated libraries. 
650 0 |a Environmental economics. 
650 0 |a Urban economics. 
655 4 |a Electronic books. 
710 2 |a ProQuest (Firm) 
856 4 0 |u https://ebookcentral.proquest.com/lib/matrademy/detail.action?docID=1020242  |z Click to View